Fictional Bands Quiz Stats

 Plays Quiz not verified by Sporcle

Score 0/35 Timer 12:00
0 Plays Today
% Correct
The Muppet Show
61.1%
Scott Pilgrim
50%
Metalocalypse
50%
South Park
46.3%
Harry Potter
38.9%
Arrested Development
37%
Aqua Teen Hunger Force
33.3%
Star Wars
31.5%
Homestar Runner
31.5%
Red Dwarf
31.5%
Parks and Recreation
29.6%
Daria
29.6%
Jem
25.9%
The Simpsons
25.9%
Scooby Doo
25.9%
Animal Crossing
25.9%
My Little Pony: Friendship is Magic
24.1%
Phineas and Ferb
22.2%
% Correct
Chuck
22.2%
Discworld
18.5%
The Legend of Zelda
16.7%
American Dad
16.7%
G. I. Joe
14.8%
King of the Hill
14.8%
Psych
14.8%
Earthbound
9.3%
Can't Hardly Wait
9.3%
The Venture Brothers
9.3%
The Boondocks
9.3%
John Dies at the End
7.4%
The Melancholy of Haruhi Suzumiya
7.4%
Ben 10
7.4%
Parappa the Rapper
5.6%
Mother 3
5.6%
Married...With Children
5.6%

You're not logged in!

Compare scores with friends on all Sporcle quizzes.
OR
Log In

Show Comments

Extras

Top Quizzes Today


Score Distribution

Your Account Isn't Verified!

In order to create a playlist on Sporcle, you need to verify the email address you used during registration. Go to your Sporcle Settings to finish the process.

Report this User

Report this user for behavior that violates our Community Guidelines.

Details: